000 00435nam a2200181Ia 4500
001 8360
005 20260306160603.0
008 260306t2013||||xx |||||||||||||| ||spa||
041 _aESP
082 _a370.7
_bC265
100 _aContreras Domingo, José
_eAUT
245 0 _aInvestigar la experiencia educativa
260 _c2013
300 _a271 páginas :
_c24 cm.
650 _aGEN
654 _aCED
942 _cLIB
_dJUS
_fJUS
_2ddc
_n
999 _c8360
_d8360